[Event "It (open)"]
[Site "masterchessopen.com Radviliskis (Lithuania)"]
[Round "5"]
[White "Piesina Gintautas (LTU)"]
[Black "Zukauskas Kestutis (LTU)"]
[Result "1-0"]
[WhiteElo "2410"]
[BlackElo "2281"]

1.Nf3 Nf6 2.c4 g6 3.g3 Bg7 4.Bg2 O-O 5.O-O d6 6.d4 Nbd7 7.Nc3 e5 8.e4 c6 9.b3
Re8 10.h3 a6 11.Be3 b5 12.dxe5 dxe5 13.Qc2 Bf8 14.Rfd1 Qc7 15.cxb5 cxb5
16.Rac1 Bb7 17.Qb1 Qa5 18.Nd5 Nxd5 19.exd5 Ba3 20.Rc2 Rac8 21.Ng5 Rxc2 22.Qxc2
Rc8 23.Qe2 h6 24.Ne4 f5 25.Bxh6 fxe4 26.Qg4 Nf8 27.Bxe4 Qb6 28.Rd3 Rc1+
29.Bxc1 Bxc1 30.d6 Bxe4 31.Qxe4 Bb2 32.Qd5+ Kh8 33.Qf7 {#r} 1-0

[Event "Ch Bulgaria (1/2 final)"]
[Site "masterchessopen.com Shumen (Bulgaria)"]
[Round "5"]
[White "Bochev Krasimir (BUL)"]
[Black "Kurtenkov Atanas (BUL)"]
[Result "0-1"]
[WhiteElo "2107"]
[BlackElo "2405"]

1.d4 Nf6 2.Nf3 d6 3.g3 g6 4.Bg2 Bg7 5.O-O O-O 6.c4 Nbd7 7.Nc3 e5 8.e4 c6 9.b3
Re8 10.h3 exd4 11.Nxd4 Nc5 12.Re1 Qa5 13.Bb2 Nfd7 14.Re2 Ne5 15.Rd2 Qb6 16.Rb1
Ned3 17.Nde2 Nxf2 18.Qc2 Nfxe4 19.Kh2 Nxd2 20.Qxd2 Bf5 21.Rf1 Ne4 22.Nxe4 Bxe4
23.Bxg7 Bxg2 24.Bd4 Rxe2 25.Qxe2 Bxf1 26.Qf2 Qa5 27.Qxf1 Qd2+ 28.Qf2 Qxf2+
29.Bxf2 Re8 30.Bxa7 Re2+ 31.Kg1 Rxa2 32.Bd4 Kf8 {#R} 0-1

[Event "It (open)"]
[Site "masterchessopen.com St. Veit (Austria)"]
[Round "6"]
[White "Hermann Johann (AUT)"]
[Black "Starc Christian (AUT)"]
[Result "0-1"]
[WhiteElo "2149"]
[BlackElo "2141"]

1.c4 g6 2.Nc3 Bg7 3.g3 Nf6 4.Bg2 O-O 5.d4 d6 6.Nf3 Nbd7 7.O-O e5 8.e4 c6 9.d5
cxd5 10.cxd5 Nc5 11.Nd2 a5 12.Nc4 Ne8 13.f4 exf4 14.Bxf4 a4 15.Nb5 Ra6 16.Rc1
f5 17.exf5 Bxf5 18.Nd4 Bd3 19.Ne2 b5 20.Ne3 g5 21.Bxd6 Rxf1+ 22.Bxf1 Qxd6
23.Ng4 Bg6 24.Nc3 Nc7 25.Qd2 b4 26.Nb5 Nxb5 27.Bxb5 Qb6 28.Qe3 Qxb5 29.Rxc5
Qd7 30.Nf2 h6 31.Qe2 Rd6 32.Rc4 Rxd5 33.Rxb4 Rd2 34.Qa6 Qf5 35.Ng4 Qf3
36.Nxh6+ Kh7 {#R} 0-1

[Event "It (open)"]
[Site "masterchessopen.com Vienna (Austria)"]
[Round "3"]
[White "Baburin Alexander (IRL)"]
[Black "Neumeier Klaus (AUT)"]
[Result "1-0"]
[WhiteElo "2495"]
[BlackElo "2290"]

1.d4 Nf6 2.c4 g6 3.Nf3 Bg7 4.g3 O-O 5.Bg2 d6 6.O-O Nbd7 7.Nc3 e5 8.e4 c6 9.b3
a6 10.d5 c5 11.a4 Ne8 12.Ra2 h6 13.Nh4 Kh7 14.Bh3 Ndf6 15.Bxc8 Rxc8 16.Qd3 Nh5
17.a5 Nf4 18.Qc2 Qg5 19.Ng2 Nh3+ 20.Kh1 Qh5 21.f3 f5 22.exf5 Qxf5 23.Ne4 g5
24.Ne3 Qg6 25.Kg2 Nf4+ 26.gxf4 gxf4+ 27.Ng4 h5 28.Ng5+ {#r} 1-0

[Event "Ch Europe (juniors) (under 16) (g)"]
[Site "masterchessopen.com Zagan (Poland)"]
[Round "1"]
[White "Andreeva Nataliya (RUS)"]
[Black "Ivanovic Jelena (BIH)"]
[Result "1-0"]
[WhiteElo "2170"]
[BlackElo "2157"]

1.Nf3 Nf6 2.g3 g6 3.Bg2 Bg7 4.O-O O-O 5.d4 d6 6.c4 Nbd7 7.Nc3 e5 8.e4 c6 9.b3
Re8 10.h3 Qc7 11.Be3 Nf8 12.Rc1 h6 13.Qd2 Kh7 14.Rfd1 N6d7 15.Qe2 Ne6 16.d5
Nec5 17.Qd2 Bf8 18.b4 Na6 19.dxc6 bxc6 20.a3 Nb6 21.Nb5 cxb5 22.cxb5 Qd8
23.bxa6 Bxa6 24.Qa2 Qe7 25.Bxb6 axb6 26.Rc6 Qb7 27.Rdc1 Rac8 28.Rxc8 Rxc8
29.Rxc8 Qxc8 30.Qxf7+ Bg7 31.Nh4 Qc1+ 32.Kh2 Qg5 33.Qa7 {#r} 1-0

[Event "It (open) (a)"]
[Site "masterchessopen.com Zaragoza (Spain)"]
[Round "1"]
[White "Gonzalez Manchon Juan Miguel (ESP)"]
[Black "Strikovic Aleksa (SRB)"]
[Result "0-1"]
[WhiteElo "2063"]
[BlackElo "2445"]

1.c4 e5 2.Nc3 Nf6 3.Nf3 d6 4.g3 g6 5.Bg2 Bg7 6.O-O O-O 7.d4 Nbd7 8.e4 c6 9.b3
Re8 10.Bb2 a5 11.Qc2 exd4 12.Nxd4 Nc5 13.Rfe1 a4 14.bxa4 Ng4 15.Nb3 Qb6
16.Rad1 Ne5 17.Rxd6 Qb4 18.Rdd1 Bg4 19.Ne2 Ncd3 20.Bc3 Nxe1 21.Rxe1 Qxc4
22.Nbc1 Nf3+ 23.Bxf3 Bxf3 24.Qb2 Qxe4 25.Nd4 Qxe1+ {#R} 0-1

[Event "It (open) (active)"]
[Site "masterchessopen.com Barcelona (Spain)"]
[Round "6"]
[White "Kurajica Bojan (CRO)"]
[Black "Comas Fabrego Lluis (ESP)"]
[Result "1-0"]
[WhiteElo "2490"]
[BlackElo "2460"]

1.d4 Nf6 2.Nf3 g6 3.g3 Bg7 4.Bg2 O-O 5.O-O d6 6.c4 Nbd7 7.Nc3 e5 8.e4 c6 9.b3
exd4 10.Nxd4 Re8 11.h3 a6 12.Re1 Qe7 13.Bf4 Ne5 14.Be3 Rb8 15.f4 Ned7 16.Bf2
c5 17.Nf3 h6 18.a4 Nh7 19.Qd3 b6 20.Rad1 Qf8 21.Re3 Re6 22.Nd5 Rb7 23.Rde1 Ra7
24.g4 Re8 25.Bg3 Bb7 26.e5 dxe5 27.fxe5 Bc8 28.e6 Rxe6 29.Rxe6 fxe6 30.Rxe6
Ndf6 31.Rxb6 g5 32.Ne5 {#r} 1-0

[Event "Ch City"]
[Site "masterchessopen.com Berezniki (Russia)"]
[Round "3"]
[White "Artes Sergey (RUS)"]
[Black "Ershova Svetlana (RUS)"]
[Result "0-1"]
[WhiteElo "2320"]
[BlackElo "2180"]

1.Nf3 Nf6 2.g3 g6 3.Bg2 Bg7 4.O-O O-O 5.d4 d6 6.c4 Nbd7 7.Nc3 e5 8.e4 c6 9.Re1
Re8 10.Rb1 exd4 11.Nxd4 Ng4 12.h3 Qb6 13.Nce2 Nge5 14.b3 Nxc4 15.Nc2 Nc5
16.Bg5 Ne5 17.Qxd6 Bf8 18.Qf6 Ncd7 19.Qf4 Nd3 20.Qd2 Qxf2+ 21.Kh2 N7e5 22.Ncd4
Nxe1 23.Rxe1 Bb4 24.Qxb4 Nd3 25.Rf1 Qxg2+ 26.Kxg2 Nxb4 27.Nc3 Nd3 28.Nf3 f5
29.e5 Kf7 30.Bf6 h6 31.Nd1 Nc5 32.Ne3 Ne4 33.Nc4 b5 34.Na5 Nxf6 35.exf6 Re2+
36.Kg1 Rxa2 37.Rd1 Rxa5 {#R} 0-1

[Event "It (open)"]
[Site "masterchessopen.com Berga (Spain)"]
[Round "0"]
[White "Marin Mihail (ROM)"]
[Black "Sanpera Bonet Juan Carlos (ESP)"]
[Result "1-0"]
[WhiteElo "2530"]
[BlackElo "2153"]

1.Nf3 Nf6 2.g3 g6 3.Bg2 Bg7 4.O-O O-O 5.c4 d6 6.Nc3 e5 7.d4 Nbd7 8.e4 c6 9.b3
Qa5 10.Bd2 exd4 11.Nxd4 Qh5 12.Qxh5 Nxh5 13.Be3 Nc5 14.Rad1 Re8 15.Rfe1 Ne6
16.Nde2 Bf8 17.Rd2 Nf6 18.h3 Nc5 19.f3 Be6 20.Red1 a5 21.Bxc5 dxc5 22.e5 Nh5
23.g4 Ng7 24.Ne4 Reb8 25.Nf6+ Kh8 26.f4 a4 27.Ng3 axb3 28.axb3 Be7 29.Be4 Ra3
30.f5 Bxc4 31.bxc4 Rxg3+ 32.Kf2 Ra3 33.Rd7 gxf5 34.Rxe7 fxe4 35.Rxf7 Rxh3
36.Kg2 Ne6 37.Kxh3 Ng5+ 38.Kg3 Nxf7 39.e6 Ne5 40.e7 b5 41.Rd8+ {#r} 1-0

[Event "It (open) \"]
[Site "masterchessopen.com Berlin (Germany)"]
[Round "0"]
[White "Pigusov Evgeny (RUS)"]
[Black "Opalka Guido (GER)"]
[Result "1-0"]
[WhiteElo "2570"]
[BlackElo "2199"]

1.Nf3 g6 2.d4 Bg7 3.c4 d6 4.g3 Nf6 5.Bg2 O-O 6.Nc3 Nbd7 7.O-O e5 8.e4 c6 9.b3
exd4 10.Nxd4 Re8 11.h3 Nc5 12.Re1 Qa5 13.Bd2 Qb6 14.Be3 Qa5 15.Qc2 Nfxe4
16.Nxe4 Nxe4 17.Bxe4 d5 18.cxd5 cxd5 19.b4 Qb6 20.Bg2 Bxh3 21.Bxh3 Bxd4
22.Bxd4 Qxd4 23.Qb3 Re2 24.Rxe2 Qxa1+ 25.Kg2 Rd8 26.Re7 Qf6 27.Rxb7 h5 28.Qf3
{#r} 1-0

[Event "It (open) \"]
[Site "masterchessopen.com Berlin (Germany)"]
[Round "0"]
[White "Sapis Witalis (POL)"]
[Black "Jaeger Albert"]
[Result "1-0"]
[WhiteElo "2455"]
[BlackElo "2025"]

1.d4 Nf6 2.c4 d6 3.Nc3 Nbd7 4.e4 e5 5.Nf3 g6 6.g3 Bg7 7.Bg2 O-O 8.O-O c6 9.b3
Re8 10.h3 a6 11.d5 c5 12.Ne1 Qe7 13.Nd3 Qf8 14.a3 Nh5 15.Rb1 Bh6 16.b4 b6
17.Bb2 Ndf6 18.Kh2 Bg5 19.f4 exf4 20.gxf4 Bh4 21.e5 Bg3+ 22.Kg1 dxe5 23.fxe5
Bxe5 24.Nxe5 Rxe5 25.Na4 Rg5 26.Bxf6 Rxg2+ 27.Kxg2 Qd6 28.Qf3 Bf5 29.Bc3 Re8
30.Rbe1 Rxe1 31.Rxe1 Qd7 32.Qe3 Bxh3+ 33.Kh2 Qd6+ 34.Qe5 {#r} 1-0

[Event "It (open)"]
[Site "masterchessopen.com Biel (Switzerland)"]
[Round "8"]
[White "Ellers Holger (GER)"]
[Black "Cvitan Ognjen (CRO)"]
[Result "1-0"]
[WhiteElo "2305"]
[BlackElo "2535"]

1.d4 Nf6 2.c4 g6 3.g3 Bg7 4.Bg2 O-O 5.Nf3 d6 6.Nc3 Nbd7 7.O-O e5 8.e4 c6 9.b3
Re8 10.h3 a6 11.d5 Nc5 12.Ne1 cxd5 13.cxd5 a5 14.Nd3 Nfd7 15.Be3 b6 16.Re1 f5
17.Nxc5 bxc5 18.Rc1 Nf6 19.Qd2 Rb8 20.f3 Rf8 21.Bf2 Bd7 22.Nd1 a4 23.bxa4 fxe4
24.fxe4 Qc8 25.Kh2 Bxa4 26.Nc3 Bd7 27.Rb1 Qa6 28.Rxb8 Rxb8 29.Rb1 Rxb1 30.Nxb1
Bb5 31.Be3 Bd3 32.Nc3 Qc4 33.Qb2 h6 34.a4 Nxe4 35.Nxe4 Bxe4 36.Bxe4 Qxe4 37.a5
Qxe3 38.a6 e4 39.Qb8+ Kh7 40.a7 Qf2+ 41.Kh1 Qxg3 42.Qb7 e3 {#r} 1-0

[Event "It (open)"]
[Site "masterchessopen.com Bratto (Italy)"]
[Round "0"]
[White "Badea Bela (ROM)"]
[Black "Profumo Alberto (ITA)"]
[Result "1-0"]
[WhiteElo "2525"]
[BlackElo "2235"]

1.Nf3 Nf6 2.c4 g6 3.g3 Bg7 4.Bg2 d6 5.d4 O-O 6.O-O Nbd7 7.Nc3 e5 8.e4 c6 9.b3
Re8 10.h3 exd4 11.Nxd4 Nc5 12.Re1 d5 13.cxd5 cxd5 14.exd5 Rxe1+ 15.Qxe1 Nxd5
16.Nxd5 Bxd4 17.Be3 Nd3 18.Qf1 Bxe3 19.Nxe3 Ne5 20.Rd1 Nd7 21.Qd3 Qf8 22.Nd5
Rb8 23.Qe3 Nb6 24.Nf6+ Kg7 25.Qe5 {#r} 1-0

[Event "It (open)"]
[Site "masterchessopen.com Budapest (Hungary)"]
[Round "9"]
[White "Voiska Margarita (BUL)"]
[Black "Eremeev Denis (UKR)"]
[Result "1-0"]
[WhiteElo "2305"]
[BlackElo "2310"]

1.Nf3 Nf6 2.g3 d6 3.d4 Nbd7 4.Bg2 e5 5.c4 g6 6.Nc3 Bg7 7.O-O O-O 8.e4 c6 9.Qc2
Re8 10.Rd1 Qe7 11.b3 exd4 12.Nxd4 Nc5 13.f3 a5 14.Be3 Nfd7 15.Bf2 Ne5 16.Rab1
Ne6 17.Na4 Ra6 18.Nxe6 Bxe6 19.Qd2 c5 20.Re1 Qf6 21.f4 Ng4 22.e5 Qe7 23.h3
Nxf2 24.Qxf2 b6 25.exd6 Qd7 26.Kh2 Bd4 27.Qf3 b5 28.cxb5 Qxb5 29.Bf1 c4 30.Nc3
Bxc3 31.Qxc3 Rxd6 32.bxc4 Qa4 33.Re2 Rc6 34.Qb3 Qxb3 35.axb3 Rb8 36.Ra1 Rcb6
37.Rxa5 Rxb3 {#r} 1-0

[Event "It (open) \"]
[Site "masterchessopen.com Ceske Budejovice (Czech Republic)"]
[Round "4"]
[White "Jurka Miroslav (CZE)"]
[Black "Karner Christoph (AUT)"]
[Result "1-0"]
[WhiteElo "2340"]
[BlackElo "2180"]

1.Nf3 Nf6 2.c4 g6 3.g3 Bg7 4.Bg2 O-O 5.d4 d6 6.Nc3 Nbd7 7.O-O e5 8.e4 c6 9.b3
Re8 10.h3 exd4 11.Nxd4 Nc5 12.Re1 d5 13.cxd5 cxd5 14.exd5 Rxe1+ 15.Qxe1 Nxd5
16.Nxd5 Bxd4 17.Be3 Bxa1 18.Qxa1 Nd7 19.Bf4 a5 20.Bd6 h6 21.Be7 Qe8 22.Qe1
{#r} 1-0

[Event "Ch Czech Chess Union (juniors)"]
[Site "masterchessopen.com Cesky Brod (Czech Republic)"]
[Round "3"]
[White "Spacek Libor (CZE)"]
[Black "Pachmann Ales (CZE)"]
[Result "0-1"]
[WhiteElo "2191"]
[BlackElo "2275"]

1.d4 Nf6 2.Nf3 g6 3.g3 Bg7 4.Bg2 O-O 5.O-O d6 6.c4 Nbd7 7.Nc3 e5 8.e4 c6 9.d5
Nc5 10.Ne1 cxd5 11.cxd5 Qb6 12.Nd3 Nxd3 13.Qxd3 Bd7 14.b3 Rfc8 15.Be3 Qb4
16.Rfc1 Ng4 17.Bd2 Qb6 18.Be3 Nxe3 19.Qxe3 Qxe3 20.fxe3 f5 21.Bh3 Bh6 22.Nd1
Kf7 23.Kf2 Ke7 24.exf5 gxf5 25.Rc4 Rxc4 26.bxc4 Rc8 27.Bf1 f4 28.gxf4 exf4
29.e4 Bg5 30.Nc3 Bg4 31.Be2 f3 32.Bf1 Bf6 33.Rc1 Bh4+ 34.Kg1 f2+ 35.Kh1 Bf3+
36.Bg2 Rxc4 {#R} 0-1

[Event "It (open)"]
[Site "masterchessopen.com Copenhagen (Denmark)"]
[Round "3"]
[White "Abdagic Edib (DEN)"]
[Black "Henrichsen Jens (DEN)"]
[Result "0-1"]
[WhiteElo "2015"]
[BlackElo "2075"]

1.d4 Nf6 2.c4 g6 3.Nc3 Bg7 4.Nf3 O-O 5.g3 d6 6.Bg2 Nbd7 7.O-O e5 8.e4 c6 9.b4
exd4 10.Nxd4 Qb6 11.Rb1 Ng4 12.c5 dxc5 13.Na4 Qd8 14.bxc5 Nxc5 15.Nxc5 Bxd4
16.Qc2 Qe7 17.Nd3 b6 18.h3 Ne5 19.Nxe5 Qxe5 20.Bf4 Qe6 21.e5 Ba6 22.Rfc1 Bc5
23.Qa4 Bb5 24.Qe4 Rfd8 25.Rd1 Qxa2 26.Be3 Bd3 27.Qxc6 Bxb1 28.Bd5 Bxe3 29.Bxa2
Rxd1+ 30.Kg2 Bxa2 31.Qxa8+ Kg7 32.Qc8 Bd5+ 33.f3 Rg1+ 34.Kh2 Bxf3 {#R} 0-1

[Event "Ch Russia (w)"]
[Site "masterchessopen.com Elista (Russia)"]
[Round "1"]
[White "Shumiakina Tatiana (RUS)"]
[Black "Ershova Svetlana (RUS)"]
[Result "1-0"]
[WhiteElo "2340"]
[BlackElo "2180"]

1.Nf3 Nf6 2.c4 g6 3.d4 Bg7 4.g3 d6 5.Bg2 O-O 6.O-O Nbd7 7.Nc3 e5 8.e4 c6 9.Be3
exd4 10.Nxd4 Re8 11.h3 Nc5 12.Qc2 Qe7 13.Rfe1 Bd7 14.Nb3 Ne6 15.Rad1 Nh5
16.Qd2 Bf8 17.c5 f5 18.cxd6 Qf6 19.Nc5 Nxc5 20.Bxc5 f4 21.g4 f3 22.e5 Rxe5
23.Ne4 Qf7 24.Bd4 Rxe4 25.Rxe4 fxg2 26.gxh5 Qf5 27.Rg4 Qxh5 28.Rxg2 Qxh3
29.Qf4 Qe6 30.Bc3 Re8 31.Qd4 Kf7 32.Qh8 Qh3 33.Qf6+ {#r} 1-0

[Event "Ch Moravia (open)"]
[Site "masterchessopen.com Frydek-Mistek (Czech Republic)"]
[Round "5"]
[White "Nedela Vlastimil (CZE)"]
[Black "Jedynak Radoslaw (POL)"]
[Result "1-0"]
[WhiteElo "2415"]
[BlackElo "2140"]

1.d4 Nf6 2.c4 g6 3.g3 Bg7 4.Bg2 d6 5.Nc3 O-O 6.Nf3 Nbd7 7.O-O e5 8.e4 c6 9.Re1
exd4 10.Nxd4 Nc5 11.h3 Re8 12.Bf4 Ne6 13.Be3 Nxd4 14.Bxd4 Be6 15.Qd3 Qd7
16.Kh2 Qc7 17.Rad1 Rad8 18.b3 h5 19.Qf3 Nd7 20.Bxg7 Kxg7 21.Re3 h4 22.Qf4 Ne5
23.gxh4 d5 24.Rg3 dxc4 25.Rxd8 Rxd8 26.bxc4 Rd3 27.Rxd3 Ng4+ 28.Kg3 {#r} 1-0

[Event "Bundesliga (2nd) West 1995/96"]
[Site "masterchessopen.com Germany"]
[Round "0"]
[White "Kengis Edvins (LAT)"]
[Black "Bosboom Manuel (NED)"]
[Result "1-0"]
[WhiteElo "2560"]
[BlackElo "2410"]

1.Nf3 Nf6 2.g3 g6 3.c4 Bg7 4.Bg2 O-O 5.d4 d6 6.O-O Nbd7 7.Nc3 e5 8.e4 c6 9.Rb1
exd4 10.Nxd4 Re8 11.h3 Nc5 12.Re1 a5 13.Bf4 Be6 14.b3 Qb6 15.Bxd6 Rad8 16.e5
Nfd7 17.Kh2 Bxh3 18.Na4 Nxa4 19.bxa4 Qa7 20.Kxh3 Nxe5 21.c5 h5 22.Bf3 b6
23.Rxe5 Bxe5 24.Nxc6 Qd7+ 25.Kg2 Bxd6 26.Nxd8 Rxd8 27.Qxd6 Qxd6 28.cxd6 Rxd6
29.Rd1 Rf6 30.Rc1 Rf5 31.Rc6 b5 32.axb5 Rxb5 33.Ra6 Kg7 34.a4 Re5 35.Bc6 {#r}
1-0

[Event "Ch Germany (juniors) (team)"]
[Site "masterchessopen.com Germany"]
[Round "0"]
[White "Ellers Holger (GER)"]
[Black "Schmidt Jan Peter (GER)"]
[Result "1-0"]
[WhiteElo "2305"]
[BlackElo "2205"]

1.d4 Nf6 2.c4 g6 3.g3 Bg7 4.Bg2 O-O 5.Nf3 d6 6.Nc3 Nbd7 7.O-O e5 8.e4 c6 9.b3
exd4 10.Nxd4 Nc5 11.h3 Re8 12.Re1 a5 13.Bf4 a4 14.Rb1 axb3 15.axb3 h6 16.Kh2
g5 17.Bc1 Qb6 18.b4 Ne6 19.Nf5 Ng4+ 20.Qxg4 Bxc3 21.Nxh6+ Kh7 22.Nf5 Bxe1
23.Qh5+ Kg8 24.Bb2 {#r} 1-0

[Event "It (open)"]
[Site "masterchessopen.com Haarlem (Netherlands)"]
[Round "5"]
[White "Szekely Peter (HUN)"]
[Black "Doggers Peter (NED)"]
[Result "1-0"]
[WhiteElo "2455"]
[BlackElo "2285"]

1.Nf3 Nf6 2.c4 g6 3.g3 Bg7 4.Bg2 O-O 5.d4 d6 6.Nc3 Nbd7 7.O-O e5 8.e4 c6 9.b3
exd4 10.Nxd4 Re8 11.h3 Nc5 12.Re1 a5 13.Bf4 a4 14.Rb1 axb3 15.axb3 Be6 16.Qc2
Qc7 17.Red1 Rad8 18.b4 Ncd7 19.c5 Ne5 20.cxd6 Qxd6 21.Nf5 Qb8 22.Nxg7 Kxg7
23.Na4 Nfd7 24.Qc3 f6 25.Nc5 Nxc5 26.bxc5 Bc8 27.Be3 Be6 28.f4 Nd7 29.Qb4 Qa7
30.Qxb7 Qxb7 31.Rxb7 Kf7 32.e5 fxe5 33.Bxc6 Kf6 34.Bxd7 {#r} 1-0

[Event "It (open)"]
[Site "masterchessopen.com Kavala (Greece)"]
[Round "0"]
[White "Antic Dejan (SRB)"]
[Black "Markidis Konstantinos (GRE)"]
[Result "1-0"]
[WhiteElo "2435"]
[BlackElo "2250"]

1.d4 Nf6 2.c4 g6 3.g3 Bg7 4.Bg2 O-O 5.Nc3 d6 6.Nf3 Nbd7 7.O-O e5 8.e4 c6 9.b3
Re8 10.h3 exd4 11.Nxd4 Nc5 12.Re1 a5 13.Bf4 Nh5 14.Be3 Nf6 15.Qc2 Bd7 16.Rad1
Qc8 17.g4 h5 18.f3 Qc7 19.Nde2 Rad8 20.g5 Nh7 21.f4 Bc8 22.a3 Qe7 23.b4 axb4
24.axb4 Na6 25.Bb6 Nc7 26.Nd4 Rd7 27.Nf3 Ne6 28.Be3 f6 29.h4 fxg5 30.hxg5 Rf8
31.Ne2 Rdd8 32.Nh4 Qe8 33.Qd2 Nc7 34.Bb6 {#r} 1-0

[Event "It (open)"]
[Site "masterchessopen.com Krasnodar (Russia)"]
[Round "7"]
[White "Tregubov Pavel V (RUS)"]
[Black "Kobylkin Evgeni (UKR)"]
[Result "1-0"]
[WhiteElo "2520"]
[BlackElo "2365"]

1.d4 Nf6 2.c4 g6 3.g3 Bg7 4.Bg2 O-O 5.Nc3 d6 6.Nf3 Nbd7 7.O-O e5 8.e4 c6 9.b3
exd4 10.Nxd4 Re8 11.h3 Nc5 12.Re1 h5 13.Rb1 d5 14.cxd5 Nxd5 15.exd5 Rxe1+
16.Qxe1 Bxd4 17.Be3 Nd3 18.Qd2 Bxe3 19.Qxe3 Nb4 20.dxc6 Nxc6 21.Rd1 Qf8 22.Nd5
Bf5 23.Nf6+ Kh8 24.Bxc6 bxc6 25.Nxh5 gxh5 26.Qe5+ {#r} 1-0

[Event "Ch Pfalz (b)"]
[Site "masterchessopen.com Landau (Germany)"]
[Round "0"]
[White "Feibert Fred (GER)"]
[Black "Haag Guenter (GER)"]
[Result "1-0"]
[WhiteElo "2360"]
[BlackElo "2060"]

1.d4 Nf6 2.c4 g6 3.Nc3 Bg7 4.Nf3 d6 5.g3 O-O 6.Bg2 Nbd7 7.O-O e5 8.e4 c6
9.dxe5 dxe5 10.b3 Re8 11.Bb2 Qc7 12.Qc2 a5 13.Rfd1 Nc5 14.h3 Bf8 15.Rac1 Nfd7
16.Ne2 f6 17.Nh2 Ne6 18.Ng4 Be7 19.Qd2 Rd8 20.Qh6 Ng5 21.f4 Nf7 22.Qh4 Kg7
23.Rf1 h5 24.fxe5 hxg4 25.exf6+ Nxf6 26.Bxf6+ Bxf6 27.Qxf6+ Kf8 28.Qh8+ Ke7
29.Rxf7+ Kxf7 30.Qh7+ {#r} 1-0

[Event "It (open)"]
[Site "masterchessopen.com Mar del Plata (Argentina)"]
[Round "9"]
[White "Panno Oscar (ARG)"]
[Black "Szmetan Jorge (ARG)"]
[Result "1-0"]
[WhiteElo "2485"]
[BlackElo "2385"]

1.Nf3 Nf6 2.c4 g6 3.g3 Bg7 4.Bg2 O-O 5.O-O d6 6.Nc3 e5 7.d4 Nbd7 8.e4 c6 9.b3
exd4 10.Nxd4 Re8 11.h3 Nc5 12.Re1 a5 13.Rb1 Qe7 14.Bf4 Nfd7 15.Be3 Nf6 16.f4
h5 17.Bf2 Nh7 18.Qd2 Bd7 19.Rbc1 Rad8 20.Kh2 Bc8 21.Nf3 Qf8 22.Bd4 Bxd4
23.Qxd4 Qg7 24.Qd2 Nf6 25.Ng5 Nh7 26.Nf3 Nf6 27.Nd4 Nfd7 28.Re2 Ne5 29.Qe3
Ned7 30.Rce1 Nf8 31.Qd2 Nfe6 32.Nf3 Nf8 33.Re3 Nh7 34.Nd1 b6 35.Nd4 Bb7 36.h4
Nf6 37.Nf2 Nh7 38.a3 Nf8 {#r} 1-0

[Event "It (open)"]
[Site "masterchessopen.com Mar del Plata (Argentina)"]
[Round "9"]
[White "Scarella Enrique (ARG)"]
[Black "Bianchi Albino (ARG)"]
[Result "1-0"]
[WhiteElo "2370"]
[BlackElo "2105"]

1.d4 Nf6 2.Nf3 g6 3.c4 Bg7 4.g3 O-O 5.Bg2 d6 6.Nc3 Nbd7 7.O-O e5 8.e4 c6 9.Qc2
Re8 10.Rd1 exd4 11.Nxd4 Nc5 12.Bf4 Qb6 13.Nb3 Be6 14.Bxd6 Nfd7 15.Nxc5 Nxc5
16.e5 Bf5 17.Qe2 h5 18.h3 Nd7 19.g4 hxg4 20.hxg4 Bxe5 21.gxf5 Bh2+ 22.Bxh2
Rxe2 23.Nxe2 Qxb2 24.fxg6 Nf6 25.Nf4 Ng4 26.gxf7+ Kxf7 27.Bg3 Qf6 28.Rd7+ Ke8
29.Rad1 Ne5 30.R7d6 Qf5 31.Ne6 Kf7 32.Nd8+ Kg7 33.Bxe5+ Qxe5 34.Re6 Qc7
35.Red6 Qa5 36.Rd7+ Kg8 37.R1d3 Qxa2 38.Rg3+ Kf8 39.Be4 Qb1+ 40.Bxb1 {#r} 1-0

[Event "It (open)"]
[Site "masterchessopen.com Metz (France)"]
[Round "0"]
[White "Lerner Konstantin Z (UKR)"]
[Black "Buckley Graeme (ENG)"]
[Result "1-0"]
[WhiteElo "2580"]
[BlackElo "2370"]

1.d4 Nf6 2.c4 g6 3.g3 Bg7 4.Bg2 O-O 5.Nc3 d6 6.Nf3 Nbd7 7.O-O e5 8.e4 c6 9.b3
exd4 10.Nxd4 Nc5 11.h3 Re8 12.Re1 a5 13.Bf4 Nh5 14.Be3 Nf6 15.Qc2 Qe7 16.Rad1
Bd7 17.Bf4 Nh5 18.Nxc6 Bxc6 19.Bxd6 Qg5 20.h4 Qg4 21.Bxc5 f5 22.Nd5 f4 23.f3
Qe6 24.g4 Bxd5 25.cxd5 Qc8 26.Qc4 Nf6 27.Bd6 Qd8 28.Bc7 b5 29.Qc6 Qe7 30.g5
Nd7 31.d6 Qe6 32.Qd5 {#r} 1-0

[Event "Tournament (2)"]
[Site "masterchessopen.com Mondariz (Spain)"]
[Round "0"]
[White "Miguel Lago Victor (ESP)"]
[Black "Ballesteros David (ESP)"]
[Result "1-0"]
[WhiteElo "2290"]
[BlackElo "2230"]

1.Nf3 Nf6 2.g3 g6 3.Bg2 Bg7 4.c4 O-O 5.O-O d6 6.Nc3 e5 7.d4 Nbd7 8.e4 c6 9.b3
a5 10.Re1 exd4 11.Nxd4 Nc5 12.h3 Re8 13.Re2 Qb6 14.Rb1 Ncxe4 15.Bxe4 Bxh3
16.Na4 Qa7 17.Bf3 Rxe2 18.Nxe2 Re8 19.Bb2 Bf5 20.Rc1 b5 21.cxb5 cxb5 22.Bd4
Qe7 23.Nb6 Bh6 24.Rc3 b4 25.Rc4 Qe6 26.Bb2 Bg4 27.Bxg4 Nxg4 28.Nf4 Qf5 29.Nbd5
Ne5 30.Rc7 Kf8 31.Kg2 Bg7 32.f3 g5 33.Nh5 g4 34.fxg4 Qe4+ 35.Kh3 Bh8 36.Ndf4
Rd8 37.Qd5 Qe1 38.Bxe5 Qf1+ 39.Kh4 {#r} 1-0

[Event "Memorial A.Alekhine (open)"]
[Site "masterchessopen.com Moscow (Russia)"]
[Round "9"]
[White "Tregubov Pavel V (RUS)"]
[Black "Saltaev Mihail (UZB)"]
[Result "1-0"]
[WhiteElo "2520"]
[BlackElo "2535"]

1.d4 Nf6 2.Nf3 g6 3.c4 Bg7 4.g3 O-O 5.Bg2 d6 6.O-O Nbd7 7.Nc3 e5 8.e4 c6 9.b3
Qe7 10.Re1 Ne8 11.Ba3 a6 12.Rc1 f6 13.c5 dxc5 14.Na4 b6 15.Bh3 Rb8 16.d5 cxd5
17.Qxd5+ Kh8 18.Rcd1 Rf7 19.Rd3 Nc7 20.Qc6 Nb5 21.Nxb6 Nxb6 22.Bxc5 Bxh3
23.Bxe7 Rxe7 24.Red1 Ree8 25.a4 Nd4 26.Nxd4 exd4 27.Rxd4 a5 28.Qc7 Bf8 29.Rd8
Rbxd8 30.Rxd8 Rxd8 31.Qxd8 Nd7 32.Qxa5 Bc5 33.b4 Bd4 34.Qd8+ Kg7 35.Qe7+ Kh6
36.a5 g5 37.Qd6 Ne5 38.Qxf6+ Kh5 39.a6 Bg4 40.a7 {#r} 1-0

[Event "It (open) (juniors) (under 17)"]
[Site "masterchessopen.com Mureck (Austria)"]
[Round "0"]
[White "Roelli Raphael (SUI)"]
[Black "Suskovic Matija (CRO)"]
[Result "0-1"]
[WhiteElo "2082"]
[BlackElo "2205"]

1.Nf3 Nf6 2.g3 g6 3.Bg2 Bg7 4.d4 O-O 5.c4 d6 6.Nc3 Nbd7 7.O-O e5 8.e4 c6 9.Bg5
h6 10.Be3 Ng4 11.Bc1 exd4 12.Nxd4 Nge5 13.b3 Nc5 14.Rb1 a5 15.f4 Bg4 16.Nce2
Ned7 17.Be3 Nf6 18.Qc2 Re8 19.Nc3 Ncxe4 20.Nxe4 Nxe4 21.Bxe4 Qe7 22.Rfe1 Qxe4
23.Qd2 Qe7 24.f5 Qf6 25.fxg6 Qxg6 26.Rf1 Bh3 27.Rfe1 Re4 28.Ne2 Bf5 29.Rbd1
Rd8 30.Nf4 Qg4 31.Qxa5 Rde8 32.Ng2 Rxe3 33.Nxe3 Rxe3 34.Qd8+ Kh7 35.Qxd6 Rxe1+
36.Rxe1 Bd4+ 37.Kg2 {#R} 0-1

[Event "Ch Europe (juniors) (under 16)"]
[Site "masterchessopen.com Rimavska Sobota (Slovakia)"]
[Round "2"]
[White "Bastys Robertas (LTU)"]
[Black "Supancic Robert (SLO)"]
[Result "1-0"]
[WhiteElo "2236"]
[BlackElo "2254"]

1.d4 Nf6 2.Nf3 g6 3.g3 Bg7 4.Bg2 d6 5.c4 O-O 6.O-O Nbd7 7.Nc3 e5 8.e4 c6 9.Re1
Re8 10.h3 exd4 11.Nxd4 Qb6 12.Nf3 Nc5 13.Qc2 Nfd7 14.Bf4 Bxc3 15.bxc3 Ne5
16.Nxe5 dxe5 17.Bh6 f6 18.Kh2 Be6 19.Qe2 Qd8 20.h4 Qd3 21.Qb2 Qxc4 22.Bf1 Qa4
23.Qe2 Qa5 24.Qe3 Nd7 25.Red1 Qc5 26.Rxd7 Qa3 27.Rg7+ Kh8 28.Rb1 Rg8 29.Qf3
{#r} 1-0